| 000 | 00638cam a22001694a 4500 | ||
|---|---|---|---|
| 005 | 20250605163654.0 | ||
| 008 | 250528s ||||||||||||||||||||||||d | ||
| 035 | _a24003 | ||
| 040 |
_aGR-AtMCL _bgre _dGR-AtMCL _eAACR2 |
||
| 245 | 1 | _aSupply Chain and Logistics / Το Περιοδικό για την Εφοδιαστική Αλυσίδα | |
| 260 |
_bParametros Group _bScl Magazine, _c2018 |
||
| 300 | _a120 | ||
| 520 | _aLet's Talk About Food Logistics: Όλα 'Οσα Θα Δείτε στην Έκθεση Frozen Food, Face to Face, Logistics Special, Pre Event. | ||
| 942 | _cCR | ||
| 999 |
_c8906 _d8906 |
||